Etimologičeskij slovar' russkogo jazyka Tom 2

Enregistré dans:
Détails bibliographiques
Format: Livre
Langue:russe
Publié: Moskva Universitet 1982
Tags: Ajouter un tag
Pas de tags, Soyez le premier à ajouter un tag!

MARC

LEADER 00000nam a2200000 4500
001 c107391
005 20250717101646.6
041 0 |a rus 
044 |a RU 
245 1 0 |a Etimologičeskij slovar' russkogo jazyka  |b Tom 2  |c Red. N.M. Šanskij 
264 1 |a Moskva  |b Universitet  |c 1982 
300 |a 470 s.